Water-Well Design and Construction /

Salvato in:
Dettagli Bibliografici
Autori principali: Harlan, Richard L (Autore), Kolm, Kenneth E (Autore), Gutentag, Edwin D (Autore)
Natura: Libro
Lingua:inglese
Pubblicazione: Amsterdam : Elsevier, 1989
Serie:Developments in geotechnical engineering 60
Tags: Aggiungi Tag
Nessun Tag, puoi essere il primo ad aggiungerne!!

MARC

LEADER 00000nam a22000003a 4500
001 stu29035
005 20150617225738.0
008 950522s1989----ne------------------eng-d
020 |a 0-444-87480-1 
040 |a STU  |b slo 
041 0 |a eng 
044 |a ne 
080 |a 556 
080 |a 624.131.1 
100 1 |a Harlan, Richard L  |4 aut 
245 1 |a Water-Well Design and Construction /  |c [aut]Harlan,Richard L.;Kolm,Kenneth E.;Gutentag,Edwin D 
260 |a Amsterdam :  |b Elsevier,  |c 1989 
300 |a 21,205 s 
700 1 |a Kolm, Kenneth E  |4 aut 
700 1 |a Gutentag, Edwin D  |4 aut 
830 0 |a Developments in geotechnical engineering  |v 60 
996 |b 284V028092  |c V*43334/O-18737  |l VVT  |s A  |a 24  |w stu29035_0001